| 000 | 00821nas a2200265 4500 | ||
|---|---|---|---|
| 001 | BR0200196 | ||
| 003 | BR-BrBNA | ||
| 005 | 20231205102710.0 | ||
| 007 | ta | ||
| 008 | 230509b bl.|||p| |||| 00| 00por d | ||
| 040 |
_aBR-BrBNA _bpor _cBiblioteca Nacional de Agricultura |
||
| 041 | _a(Pt) | ||
| 072 | _aF63 | ||
| 100 | 1 | _aThum, A.B. | |
| 100 | 1 | _aCosta, E.C. | |
| 245 | 1 | _aEntomofauna visitante das inflorescências de Syagrus romanzoffiana (Cham.)Glassm. (Palmae) | |
| 650 | _aPALMAE | ||
| 650 | _aENTOMOFAUNA | ||
| 650 | _aINSETO | ||
| 650 | _aPOLINIZAÇÃO | ||
| 650 | _aINFLORESCÊNCIA | ||
| 773 | 0 |
_tRevista da Faculdade de Zootecnia, Veterinária e Agronomia (Brazil) _xISSN 0104-4257 _g(1998-1999), v. 5-6(1) p. 43-46 _wBR0200196 |
|
| 909 |
_a202311 _bLúcia _c55 _dLúcia Elande |
||
| 942 |
_2AGRIS _n0 _cANA |
||
| 999 |
_c168883 _d168883 |
||